banner koha

Fontes de crescimento e aspectos da producao de feijao no estado de Sao Paulo [analise estatistica, Brasil] (Registro n. 277092)

MARC details
000 -LÍDER
campo de controle de tamanho fixo 01208nac a22003377a 4500
001 - NÚMERO DE CONTROLE
campo de controle BR8400413
003 - IDENTIFICADOR DO NÚMERO DE CONTROLE
campo de controle BR-BrBNA
005 - DATA E HORÁRIO DA ÚLTIMA TRANSAÇÃO
campo de controle 20240105115924.0
008 - CAMPO DE DADOS FIXOS--INFORMAÇÃO GERAL
campo de controle de tamanho fixo 230509b bl.|||m| |||| 00| 0 por d
040 ## - FONTE DA CATALOGAÇÃO
Instituição da catalogação original BR-BrBNA
Idioma da catalogação por
Instituição que transcreveu o registro Biblioteca Nacional de Agricultura
072 ## - CÓDIGO DE CATEGORIA DE ASSUNTO
Código de Categoria de Assunto E15; U10
090 ## - NÚMERO DE CHAMADA LOCAL
Número de chamada 1410 BR8400413
100 1# - ENTRADA PRINCIPAL--NOME PESSOAL
Nome pessoal Vicente, J.R.
100 1# - ENTRADA PRINCIPAL--NOME PESSOAL
Nome pessoal Igreja, A.C.M.
100 1# - ENTRADA PRINCIPAL--NOME PESSOAL
Nome pessoal Camargo, A.M.M.P. de
100 1# - ENTRADA PRINCIPAL--NOME PESSOAL
Nome pessoal Hellmeister, S.R.
110 1# - ENTRADA PRINCIPAL--NOME CORPORATIVO
Nome corporativo ou nome da jurisdição Instituto de Economia Agricola, Sao Paulo, SP (Brasil)
9 (RLIN) 6029
245 1# - TÍTULO
Título Fontes de crescimento e aspectos da producao de feijao no estado de Sao Paulo [analise estatistica, Brasil]
246 1# - FORMA VARIANTE DO TÍTULO
Título/título abreviado Sources of growth and aspects of the bean culture production in Sao Paulo state [statistical analysis, Brazil]
260 3# - PUBLICAÇÃO, DISTRIBUIÇÃO, ETC.
Local de publicação, distribuição, etc. Sao Paulo, SP (Brasil):
Data da publicação, distribuição, etc. 1983.
300 ## - DESCRIÇÃO FÍSICA
Extensão 31 p.
490 ## - TÍTULO DA SÉRIE
Título da série Relatorio de Pesquisa - Instituto de Economia Agricola (Brazil)
Número do volume ou designação sequencial da série no. 7
ISSN - International Standard Serial Number ISSN 0101-5109
500 ## - NOTA GERAL
Nota geral 10 tables; 11 ref.; Summaries (En, Pt)
650 ## - ASSUNTO--TERMO TÓPICO
Cabeçalho tópico ou nome geográfico FEIJAO
650 ## - ASSUNTO--TERMO TÓPICO
Cabeçalho tópico ou nome geográfico PRODUCAO
650 ## - ASSUNTO--TERMO TÓPICO
Cabeçalho tópico ou nome geográfico CRESCIMENTO
650 ## - ASSUNTO--TERMO TÓPICO
Cabeçalho tópico ou nome geográfico MODELO MATEMATICO
650 ## - ASSUNTO--TERMO TÓPICO
Cabeçalho tópico ou nome geográfico SAO PAULO
909 ## -
-- 202312
-- Lúcia Elande
-- 55
-- Lúcia Elande
942 ## - ELEMENTOS DE ENTRADA ADICIONADOS (KOHA)
Fonte da classificação ou esquema de arquivamento na estante Classificação AGRIS
Ocultar no OPAC Não
Tipo de material Koha Monografia Seriada
Exemplares
Situação do descarte Fonte da classificação ou esquema de arquivamento na estante Situação física Não pode ser emprestado Coleção Biblioteca de origem Biblioteca atual Localização na estante Total de empréstimos Número de telefone completo Código de barras Data de último acesso Tipo de material Koha Fonte de aquisição
  Classificação AGRIS       Biblioteca Nacional de Agricultura - Binagri Biblioteca Nacional de Agricultura - Binagri Agrobase - Acervo Geral   1410 BR8400413 1410 BR8400413 18/12/2023 Monografia Seriada Portaria Interministerial nº 164/94

BINAGRI

Telefone: (61)3218-2567/2388/3357/2097 - binagri@agro.gov.br

Ministério da Agricultura e Pecuária , Esplanada dos Ministérios, Bloco D, Anexo B, Brasília/DF, CEP: 70.043-900